Statistics for MLB World Series Winners

Click here to take the quiz!

General Stats

  • This quiz has been taken 123 times
  • The average score is 91 of 116

Answer Stats

HintAnswer% Correct
1923 | 1927 | 1928 | +24 othersNew York Yankees
99%
1919 | 1975 | 1976 | 1990Cincinnati Reds
98%
2009New York Yankees
98%
1972 | 1973 | 1974 | 1989Oakland Athletics
95%
1912 | 1915 | 1916 | +5 othersBoston Red Sox
92%
2020Los Angeles Dodgers
92%
1959 | 1963 | 1965 | +2 othersLos Angeles Dodgers
91%
2017Houston Astros
88%
2010 | 2012 | 2014San Francisco Giants
87%
1905 | 1921 | 1922 | +2 othersNew York Giants
86%
1907 | 1908 | 2016Chicago Cubs
85%
1906 | 1917 | 2005Chicago White Sox
84%
1995Atlanta Braves
82%
1914Boston Braves
82%
1957Milwaukee Braves
82%
1980 | 2008Philadelphia Phillies
82%
1926 | 1931 | 1934 | +8 othersSt Louis Cardinals
80%
1969 | 1986New York Mets
78%
1985 | 2015Kansas City Royals
76%
2019Washington Nationals
76%
1997 | 2003Florida Marlins
73%
1909 | 1925 | 1960 | +2 othersPittsburgh Pirates
73%
1992 | 1993Toronto Blue Jays
73%
2002Anaheim Angels
69%
2001Arizona Diamondbacks
69%
1945Detroit Tigers
67%
1987 | 1991Minnesota Twins
67%
1935 | 1968 | 1984Detroit Tigers
66%
1920Cleveland Indians
58%
1955Brooklyn Dodgers
9%
1903Boston Americans
3%
1910 | 1911 | 1913 | +2 othersPhiladelphia Athletics
2%
1983Baltimore Oriels
1%
1966 | 1970Baltimore Oriels
0%
1940Cinicinatti Reds
0%
1924Washington Senators
0%

Score Distribution

Percentile by Number Answered

Percent of People with Each Score

Your Score History

You have not taken this quiz